Welcome to the Holygrace Academy Library

Please use search bar below to get started

NANCY DREW - MARDI GRAS MASQUERADE (Record no. 7840)

MARC details
000 -LEADER
fixed length control field 00610nam a22001457a 4500
020 ## - INTERNATIONAL STANDARD BOOK NUMBER
ISBN 978-1-4169-5103-2
082 ## - DEWEY DECIMAL CLASSIFICATION NUMBER
Classification number 823
Item number KEE/N
100 ## - MAIN ENTRY--AUTHOR NAME
Personal name KEENE, CAROLYN
245 ## - TITLE STATEMENT
Title NANCY DREW - MARDI GRAS MASQUERADE
260 ## - PUBLICATION, DISTRIBUTION, ETC. (IMPRINT)
Place of publication NEW YORK
Name of publisher ALADDIN PAPERBACKS
Year of publication 2008
300 ## - PHYSICAL DESCRIPTION
Number of Pages 138
520 ## - SUMMARY, ETC.
Summary, etc Everyone thinks a ghost is the thief, but Nancy is on the case!<br/>A masked Mardi Gras ball turns spooky when revelers are tormented by a what they think are ghosts. When Deirdre Shannon’s antique tiara is snatched Nancy is certain the crook is a guest--not a ghoul.
650 ## - SUBJECT ADDED ENTRY--TOPICAL TERM
Topical Term DETECTIVE
Geographic subdivision UNITED STATES
942 ## - ADDED ENTRY ELEMENTS (KOHA)
Koha item type Books
Holdings
Withdrawn status Lost status Collection code Home library Current library Shelving location Date acquired Source of acquisition Cost, normal purchase price Full call number Accession Number Koha item type
    Fiction Main Library Main Library NEW SHELF WITH NEW ENTRY 20/11/2023 purchase 250.00 823 KEE/N 13465 Books